000 00920nam a22002417a 4500
005 20080617124338.0
008 080617t xxu||||| |||| 00| 0 eng d
010 _aENG-90337
020 _c100.00
_a8179661946
035 _aEN-73870
037 _bDBAD / PUB
040 _aDPL
_bEN
082 _a320.540954
245 _aEmerald treasury of the great leaders of India /
_cedited by Kuttan Mahadevan
260 _aChennai
_bEmerald Publishers
_c2007
270 _a15A, First Floor, Case Major Road, Egmore,
_bChennai
_e600008
300 _av.1 (154p.)
_c23 cm (pbk)
505 _av.1-National leaders
700 _aMahadevan, Kuttan
700 _aSrinath, C. N.
942 _cEN
_h320.540954
_2ddc
_mEME
999 _c13744
_d13744